Vista normal
Vista MARC
Entrada Materia (personas)
Número de registros utilizados en: 3
001 - CONTROL NUMBER
- control field: 155858
003 - CONTROL NUMBER IDENTIFIER
- control field: Co-BoUCM
005 - DATE AND TIME OF LATEST TRANSACTION
- control field: 20211108101457.0
008 - FIXED-LENGTH DATA ELEMENTS
- fixed length control field: 211108|| aca||aabn | a|a d
040 ## - CATALOGING SOURCE
- Original cataloging agency: Co-BoUCM
- Transcribing agency: Co-BoUCM
100 ## - HEADING--PERSONAL NAME
- Personal name: Ruben Dario
- Dates associated with a name: 1867-1916
670 ## - SOURCE DATA FOUND
- Source citation: Work cat.: (Co-BoUCM)12592: Ruben Dario 1867-1916, Antología poética de Rubén Dario, 1971